L'Anello di Re Salomone /

Gespeichert in:
Bibliographische Detailangaben
1. Verfasser: Lorenz, Konrad (Verfasst von)
Format: Buch
Sprache:Italienisch
Veröffentlicht: Milano : CDE, stampa 1983
Schlagworte:
Tags: Tag hinzufügen
Keine Tags, Fügen Sie das erste Tag hinzu!

MARC

LEADER 00000nam a22000007i 4500
001 IT\ICCU\RAV\0228068
003 ItRI
005 20260115232318.0
008 931122s1983 it |||||| ||||| |||||c
040 |b ita  |c importazione bologna sebina 
041 7 |a ita  |2 ISO-639-2 
100 1 |a Lorenz, Konrad  |0 IT\ICCU\CFIV\002818  |4 aut 
240 1 0 |a Er redete mit dem Vieh, den Vögeln und den Fischen  |3 IT\ICCU\CFI\0773541  |9 Lorenz, Konrad 
245 1 2 |a L'Anello di Re Salomone /  |c Konrad Lorenz. 
260 |a Milano :  |b CDE,  |c stampa 1983 
300 |a 274 p. ;  |c 21 cm 
500 |a Trad.: Laura Schwarz. 
650 7 |a Animali  |x Comportamento 
790 1 |a Lorenz, Konrad Zacharias  |3 IT\ICCU\CFIV\265569  |z Lorenz, Konrad 
942 |2 ddc  |c BK  |n 0 
952 |0 0  |1 0  |2 ddc  |4 0  |6 DOC_591_500000000000000_LOR  |7 0  |9 23995  |a BO  |b BO  |d 2026-01-15  |i 12090  |l 0  |o DOC 591.5 LOR  |p BO12090  |r 2026-01-15 23:23:00  |w 2026-01-15  |x [Sebina 5]  |y BK 
999 |c 20432  |d 20432